000
00339nam a22001457a 4500
020
_a
978-1-292-03909-1
082
_a
519.5
100
_a
Freud, John E.
245
_a
Modern Elementary Statistics
250
_a
12th
260
_a
Harlow:
_b
Pearson,
_c
2014
300
_a
536p.: ill.; 28cm
700
_a
Perles, Benjamin M.
942
_c
BK
999
_c
22183
_d
22183